000 00358nam a2200145Ia 4500
008 230917s9999||||xx |||||||||||||| ||und||
040 _e117193
_aMAIN
041 _aEnglish
082 _a616.8903 C153P
100 _aCampbell J.K
245 0 _aPsychiatric dictionary
260 _aNew York
_bOxford University Press
_c1981
300 _a693 p.
942 _cBK
999 _c43061
_d43061